một số yếu tố văn hóa và giáo dục ảnh hưởng đến sự phát triển làng xã từ hướng tiếp cận toàn thể luận Khinh - Trọng
Gespeichert in:
| 1. Verfasser: | |
|---|---|
| Format: | Buch |
| Veröffentlicht: |
Hà Nội
Thế giới
2006
|
| Tags: |
Tag hinzufügen
Keine Tags, Fügen Sie den ersten Tag hinzu!
|
| Thư viện lưu trữ: | Trung tâm Học liệu Lê Vũ Hùng, Trường Đại học Đồng Tháp |
|---|
| LEADER | 00762pam a22002058a 4500 | ||
|---|---|---|---|
| 001 | 00039573 | ||
| 005 | 20171026081025.0 | ||
| 008 | 170519s2006 ||||||Viesd | ||
| 041 | 0 | # | |a Vie |
| 082 | 1 | 4 | |a 306 |b M458S |
| 100 | 1 | # | |a Nguyễn, Lâm Tuấn Anh |
| 245 | 1 | 0 | |b từ hướng tiếp cận toàn thể luận Khinh - Trọng |a một số yếu tố văn hóa và giáo dục ảnh hưởng đến sự phát triển làng xã |c Nguyễn Ngọc Lâm |
| 260 | # | # | |a Hà Nội |b Thế giới |c 2006 |
| 300 | # | # | |a 356tr. |c 21 cm |
| 852 | # | # | |b Kho đọc |j KD.1001727 |
| 910 | |d 19/05/2017 | ||
| 980 | # | # | |a Trung tâm Học liệu Lê Vũ Hùng, Trường Đại học Đồng Tháp |